Normal view
MARC view
Entry Personal Name
001 - CONTROL NUMBER
- control field: 17096
003 - CONTROL NUMBER IDENTIFIER
- control field: BD-RjUL
005 - DATE AND TIME OF LATEST TRANSACTION
- control field: 20251007114514.0
008 - FIXED-LENGTH DATA ELEMENTS
- fixed length control field: 251007|| aca||aabn | a|a d
040 ## - CATALOGING SOURCE
- Original cataloging agency: BD-RjUL
- Transcribing agency: BD-RjUL
100 ## - HEADING--PERSONAL NAME
- Personal name: Young, Andrew,
- Dates associated with a name: 1919-1992
670 ## - SOURCE DATA FOUND
- Source citation: Work cat.: (BD-RjUL)8047: Bickley, W.G. 25093, Bessel functions /, 1952[reprinted1960]